|
|
|
|
| LEADER |
00000nam a2200000 a 4500 |
| 001 |
vtls001315013 |
| 003 |
SK-MaSNL |
| 005 |
20260302070247.0 |
| 008 |
240315s1997 xo ap r yy eng |
| 015 |
|
|
|a SNBA1998/06-01896
|
| 020 |
|
|
|a 8088896096
|
| 035 |
|
|
|a SNK000267491
|
| 035 |
|
|
|a urn:nbn:sk:snk-amk64i
|
| 035 |
|
|
|a urn:nbn:sk:snk-am004ofr
|
| 035 |
|
|
|a 480AB584-C03B-4AE0-9B83-64B01FA3F2DD
|
| 040 |
|
|
|a SNK
|b slo
|c SNK
|e AACR2
|
| 041 |
0 |
|
|a eng
|
| 044 |
|
|
|a xo
|c SK
|
| 080 |
|
|
|a 622.83=20
|2 1981
|
| 100 |
1 |
|
|a Sedlák, Vladimír
|4 aut
|9 8648
|
| 245 |
1 |
0 |
|a Modelling subsidence development at the mining damages
|c Vladimír Sedlák
|
| 260 |
|
|
|a Košice
|b Štroffek
|c 1997
|
| 300 |
|
|
|a 52 s.
|b grafy, sch., tab.
|c 21 cm
|
| 500 |
|
|
|a 50 výt.
|
| 504 |
|
|
|a Bibliogr. s. 51-52
|
| 650 |
0 |
7 |
|a ložiská uhlia
|2 SNKPH
|9 50718
|
| 655 |
|
7 |
|a príručky
|2 SNK
|9 74364
|
| 919 |
|
|
|a 80-88896-09-6
|
| 958 |
|
|
|a TL
|
| 958 |
|
|
|a NB
|
| 999 |
|
|
|c 1146306
|d 1148236
|
| 952 |
|
|
|t P60, <03>, [BOOK], {603}
|a SNK
|b SNK
|y PREZ
|7 0
|p 17A0112755
|o snkSC 94713
|i snkKSP 12601/97
|0 0
|1 0
|4 0
|d 1997-12-18
|f 1
|l 0
|r 2025-09-12 00:00:00
|w 2026-02-24
|
| 952 |
|
|
|t P60, <04>, [BOOK], {604}
|a SNK
|b SNK
|y VYP
|7 0
|p 17A0112756
|o snkSC 94713 D1
|i snkKSP 12602/97
|0 0
|1 0
|4 0
|d 1997-12-18
|l 0
|r 2005-01-02 00:00:00
|w 2026-02-24
|